00628nam a2200193Ia 4500008004100000020001800041082001600059100002000075245005500095250000700150260003900157300002300196500001900219600002000238650002000258942000700278952013200285999001700417240925s9999 xx 000 0 und d a9781425807382 a371.394 CON aNot - Available 0aActivities for a Differentiated Classroom: level 6 aNA aNew York:bShell Educationc,2011. a303p.b0fOriginal aIncludes Index aSocial Sciences aSocial Sciences cBK 001040708SSaUITUbUITUd2018-11-22eShahid Book Centerg625.00l0o371.394 CONpQ11993r2024-09-25 07:16:17w2024-09-25yBK c14492d14492